[Event "Jakarta Gunadarma"]
[Site "Jakarta"]
[Date "1996.??.??"]
[Round "6"]
[White "Krasenkow, Michal"]
[Black "Hickl, Joerg"]
[Result "1-0"]
[WhiteElo "2605"]
[BlackElo "2600"]
[PlyCount "47"]
[EventDate "1996.10.15"]
[SourceDate "1999.08.01"]

1. d4 Nf6 2. c4 d6 3. Nc3 e5 4. Nf3 Nbd7 5. e4 Be7 6. Be2 c6 7. O-O O-O 8. Qc2
a6 9. Rd1 Qc7 10. Rb1 b5 11. b4 Bb7 12. dxe5 Nxe5 13. Nxe5 dxe5 14. Be3 Rac8
15. a4 bxc4 16. Bxc4 Ng4 17. Bc5 Nf6 18. a5 Bxc5 19. bxc5 Rcd8 20. Rxd8 Rxd8
21. Qb3 Qxa5 22. Qxb7 Qxc3 23. Qc7 Qd4 24. Bd5 1-0

[Event "Berliner Sommer"]
[Site "Berlin"]
[Date "1991.??.??"]
[Round "?"]
[White "Eingorn, Vereslav S"]
[Black "Titov, German"]
[Result "1-0"]
[WhiteElo "2585"]
[BlackElo "2505"]
[PlyCount "89"]
[EventDate "1991.07.??"]
[SourceDate "1999.08.01"]

1. d4 Nf6 2. c4 d6 3. Nc3 e5 4. Nf3 Nbd7 5. e4 g6 6. Be2 Bg7 7. O-O O-O 8. Qc2
c6 9. Rd1 Qe7 10. d5 c5 11. g3 Kh8 12. Bg5 a6 13. a3 Qe8 14. b4 Nh5 15. Bd2 f5
16. Ng5 cxb4 17. axb4 Ndf6 18. c5 h6 19. Ne6 Bxe6 20. dxe6 Qxe6 21. cxd6 f4 22.
Be1 Rad8 23. b5 fxg3 24. hxg3 Rxd6 25. Rxd6 Qxd6 26. bxa6 bxa6 27. Rxa6 Qc5 28.
Kg2 Kh7 29. Qb3 Qc8 30. Ra7 Qc6 31. Qb4 Ra8 32. Rb7 Rc8 33. Bd2 Rc7 34. Rb5 Qd7
35. Be3 Qc8 36. Rb8 Qd7 37. Na4 Rc8 38. Nc5 Rxb8 39. Qxb8 Qe8 40. Qb7 g5 41.
Bc4 Qd8 42. Be6 Kh8 43. Bf5 Kg8 44. g4 Nf4+ 45. Bxf4 1-0

[Event "USA-ch"]
[Site "Estes Park"]
[Date "1985.??.??"]
[Round "3"]
[White "Christiansen, Larry Mark"]
[Black "Alburt, Lev O"]
[Result "0-1"]
[WhiteElo "2560"]
[BlackElo "2535"]
[PlyCount "96"]
[EventDate "1985.10.??"]
[SourceDate "1999.08.01"]

1. d4 Nf6 2. c4 e6 3. Nf3 a6 4. Nc3 c5 5. d5 b5 6. e4 b4 7. e5 bxc3 8. exf6 Qa5
9. bxc3 gxf6 10. Bd2 f5 11. Bd3 Bg7 12. O-O d6 13. Re1 O-O 14. dxe6 fxe6 15.
Ng5 e5 16. Qf3 Ra7 17. Rab1 Qc7 18. Qd5+ Kh8 19. Ne6 Bxe6 20. Qxe6 e4 21. Bf4
Qd7 22. Qxd7 Nxd7 23. Bf1 Bxc3 24. Red1 Bd4 25. Bxd6 Re8 26. Bf4 Ne5 27. Bxe5+
Rxe5 28. g3 Rf7 29. Rb8+ Kg7 30. Rdb1 f4 31. gxf4 Ref5 32. R1b3 Rxf4 33. Rg3+
Kf6 34. Rg2 Ke5 35. Re8+ Kd6 36. Be2 Kd7 37. Rgg8 Rxf2 38. Bg4+ Kc7 39. Kh1
Rxa2 40. Rgf8 Rxf8 41. Rxf8 e3 42. Re8 Kb6 43. h4 Ka5 44. h5 h6 45. Re6 Kb4 46.
Rxh6 e2 47. Rb6+ Kc3 48. Rb1 Kd2 0-1

[Event "Hoogovens-B"]
[Site "Wijk aan Zee"]
[Date "1989.??.??"]
[Round "?"]
[White "Van der Sterren, Paul"]
[Black "Rogers, Ian"]
[Result "1-0"]
[WhiteElo "2500"]
[BlackElo "2505"]
[PlyCount "79"]
[EventDate "1989.01.??"]
[SourceDate "1999.08.01"]

1. d4 c6 2. c4 b5 3. cxb5 cxb5 4. e4 Bb7 5. Nd2 Nf6 6. Bd3 Qb6 7. Ngf3 e6 8.
O-O Nc6 9. d5 Nb4 10. Bb1 exd5 11. e5 Ne4 12. Nb3 a5 13. Be3 Qc7 14. a3 Na6 15.
Bd3 Bc6 16. Rc1 a4 17. Nbd4 Qb7 18. e6 f6 19. Nxc6 dxc6 20. Nd4 Nec5 21. Qh5+
Kd8 22. Rfd1 Rc8 23. Bf5 Rc7 24. Bf4 Re7 25. Bg3 Qb6 26. Nxc6+ Qxc6 27. Rxd5+
Qxd5 28. Rd1 Rd7 29. exd7 g6 30. Qe2 Qxd1+ 31. Qxd1 gxf5 32. Qd5 Bg7 33. Qf7
Nxd7 34. Qxg7 Re8 35. h3 Nac5 36. Qxh7 Nb3 37. Qxf5 Re1+ 38. Kh2 Nd2 39. h4 Ne4
40. Qxb5 1-0

[Event "SWIFT"]
[Site "Brussels"]
[Date "1986.??.??"]
[Round "?"]
[White "Torre, Eugenio"]
[Black "Winants, Luc"]
[Result "1-0"]
[WhiteElo "2525"]
[BlackElo "2340"]
[PlyCount "33"]
[EventDate "1986.03.??"]
[SourceDate "1999.08.01"]

1. d4 b5 2. e4 a6 3. Nf3 Bb7 4. Bd3 Nf6 5. Nbd2 e6 6. O-O c5 7. c3 Nc6 8. Re1
cxd4 9. cxd4 Rc8 10. a3 Na5 11. Qe2 Qb6 12. b4 Nc4 13. Bxc4 bxc4 14. Nxc4 Qc6
15. Na5 Qc7 16. d5 Ba8 17. Qxa6 1-0

[Event "BCF-ch"]
[Site "Brighton"]
[Date "1980.08.15"]
[Round "11"]
[White "Nunn, John DM"]
[Black "Basman, Michael J"]
[Result "1-0"]
[WhiteElo "2515"]
[BlackElo "2405"]
[PlyCount "79"]
[EventDate "1980.08.04"]
[SourceDate "1999.08.01"]

1. d4 h6 2. e4 g5 3. Bd3 d6 4. Ne2 c5 5. c3 Nc6 6. O-O Nf6 7. Nd2 Qc7 8. b4 b6
9. bxc5 bxc5 10. Rb1 Bd7 11. Nc4 Bg7 12. d5 Na5 13. Ne3 Ng4 14. Nxg4 Bxg4 15.
Bb5+ Kf8 16. f3 Bc8 17. Be3 Bf6 18. Qd2 Rb8 19. Bd3 Rb6 20. c4 Nb7 21. f4 gxf4
22. Bxf4 h5 23. Bg5 Be5 24. Nf4 Ke8 25. Be2 Bd4+ 26. Kh1 Bg4 27. h3 Ra6 28. Bh4
Ra3 29. Rb3 Rxb3 30. axb3 Bxe2 31. Qxe2 Qa5 32. Nxh5 Qc3 33. Qg4 Nd8 34. Qg5 f6
35. Qg6+ Kd7 36. Nxf6+ Kc7 37. Qg7 Rxh4 38. Qxe7+ Kb6 39. Nd7+ Ka6 40. Nb8+ 1-0